[Event "Polfinaly Mistrzostw Polski Juniorow C11"]
[Site "Szklarska Poreba 2015"]
[Date "2015.??.??"]
[Round "1.6"]
[White "Sypek, Szymon"]
[Black "Bartoszewski-reiski, Olaf"]
[Result "0-1"]
[WhiteElo "1227"]
[BlackElo "1425"]
[PlyCount "88"]
[EventDate "2015.??.??"]

1. d4 Nf6 2. Nf3 g6 3. e3 Bg7 4. c4 O-O 5. Bd3 d6 6. Nc3 Nbd7 7. O-O c5 8. d5
Ng4 9. e4 Nge5 10. Bf4 Nxf3+ 11. Qxf3 Ne5 12. Bxe5 Bxe5 13. Qe2 e6 14. Kh1 exd5
15. cxd5 a6 16. f4 Bg7 17. f5 Bd7 18. Qf2 Qf6 19. fxg6 fxg6 20. Qxf6 Rxf6 21.
Rxf6 Bxf6 22. Rf1 Rf8 23. h3 Be5 24. Rxf8+ Kxf8 25. Kg1 b5 26. Nd1 Ke7 27. b3
Kf6 28. Kf2 Bd4+ 29. Kf3 Ke5 30. Ne3 Bxe3 31. Kxe3 a5 32. Be2 a4 33. Bd3 h6 34.
Be2 axb3 35. axb3 b4 36. Bf1 h5 37. Kf3 h4 38. Ke3 g5 39. Bd3 Be8 40. Be2 Bg6
41. Bd3 Bh5 42. Bc2 g4 43. Bd1 gxh3 44. Bxh5 h2 0-1

[Event "Polfinaly Mistrzostw Polski Juniorow C11"]
[Site "Szklarska Poreba 2015"]
[Date "2015.??.??"]
[Round "1.7"]
[White "Niedbala, Bartlomiej"]
[Black "Rybak, Igor"]
[Result "1-0"]
[WhiteElo "1403"]
[BlackElo "1225"]
[PlyCount "35"]
[EventDate "2015.??.??"]

1. e4 c5 2. c4 Nc6 3. Nc3 g6 4. g3 a6 5. Bg2 b5 6. cxb5 axb5 7. Nxb5 Ba6 8. Nc3
Bg7 9. Nge2 Nb4 10. O-O Nd3 11. f4 Qb6 12. Nd5 Qa7 13. e5 c4+ 14. Ne3 Rc8 15.
Nc3 e6 16. Ne4 Bf8 17. Qc2 Be7 18. Kh1 1-0

[Event "Polfinaly Mistrzostw Polski Juniorow C11"]
[Site "Szklarska Poreba 2015"]
[Date "2015.??.??"]
[Round "1.8"]
[White "Wieczorek, Karol"]
[Black "Dolharz, Jakub"]
[Result "0-1"]
[WhiteElo "1193"]
[BlackElo "1382"]
[PlyCount "50"]
[EventDate "2015.??.??"]

1. e4 e5 2. Nf3 Nc6 3. Bb5 Nge7 4. O-O a6 5. Ba4 g6 6. c3 Bg7 7. d4 exd4 8.
cxd4 O-O 9. Nc3 d6 10. h3 Bd7 11. Bg5 h6 12. Bh4 g5 13. Bg3 Ng6 14. Bb3 Kh8 15.
d5 Nce5 16. Nxe5 Bxe5 17. Bxe5+ Nxe5 18. Qh5 Qf6 19. Rad1 Rg8 20. Ne2 g4 21.
Ng3 gxh3 22. gxh3 Nf3+ 23. Kg2 Rg5 24. Qxf3 Bxh3+ 25. Kxh3 Qxf3 0-1

[Event "Polfinaly Mistrzostw Polski Juniorow C11"]
[Site "Szklarska Poreba 2015"]
[Date "2015.??.??"]
[Round "1.9"]
[White "Oles, Martin"]
[Black "Franc, Piotr"]
[Result "1-0"]
[WhiteElo "1374"]
[BlackElo "1187"]
[PlyCount "69"]
[EventDate "2015.??.??"]

1. e4 e5 2. Nf3 Nc6 3. Nc3 Nf6 4. d4 exd4 5. Nxd4 Bc5 6. Be3 Qe7 7. Nf5 Qf8 8.
Bxc5 Qxc5 9. Nxg7+ Kf8 10. Nf5 Nxe4 11. Nxe4 Qxf5 12. Bd3 Qe6 13. O-O Nb4 14.
Re1 Nxd3 15. Qxd3 Qg6 16. Qa3+ d6 17. Qc3 Rg8 18. Ng3 c6 19. Rad1 Bf5 20. Qb4
Rd8 21. Qa5 Re8 22. Rxe8+ Kxe8 23. Qxf5 Qxf5 24. Nxf5 d5 25. Nd6+ Ke7 26. Nxb7
Rb8 27. Na5 Kd6 28. Nb3 Rb4 29. Rd4 Rxd4 30. Nxd4 Kc5 31. Nb3+ Kc4 32. Kf1 d4
33. Ke2 c5 34. Nd2+ Kb4 35. Kd3 1-0

[Event "Polfinaly Mistrzostw Polski Juniorow C11"]
[Site "Szklarska Poreba 2015"]
[Date "2015.??.??"]
[Round "1.10"]
[White "Bartosik, Franciszek"]
[Black "Celebias, Filip"]
[Result "1/2-1/2"]
[WhiteElo "1183"]
[BlackElo "1350"]
[PlyCount "47"]
[EventDate "2015.??.??"]

1. e4 c5 2. Nf3 d6 3. c3 Nf6 4. Bd3 Nc6 5. Bc2 Bg4 6. h3 Bxf3 7. Qxf3 g6 8. O-O
Bg7 9. Qd1 Nd7 10. d3 O-O 11. Nd2 b5 12. Nf3 a5 13. a4 b4 14. Bd2 Qb6 15. Rb1
Rfc8 16. c4 Rab8 17. b3 Nf8 18. Bc1 Ne6 19. Bb2 Ncd4 20. Nxd4 Nxd4 21. Re1 Nc6
22. Bc1 Bc3 23. Bd2 Bxd2 24. Qxd2 1/2-1/2

[Event "Polfinaly Mistrzostw Polski Juniorow C11"]
[Site "Szklarska Poreba 2015"]
[Date "2015.??.??"]
[Round "1.11"]
[White "Kujawa, Krzysztof"]
[Black "Topola, Rafal"]
[Result "1-0"]
[WhiteElo "1333"]
[BlackElo "1171"]
[PlyCount "49"]
[EventDate "2015.??.??"]

1. e4 c5 2. Nf3 e6 3. d4 cxd4 4. Nxd4 a6 5. Nc3 Nc6 6. Nxc6 bxc6 7. Bd3 Nf6 8.
O-O Be7 9. f4 d5 10. Qf3 O-O 11. b3 dxe4 12. Nxe4 Bb7 13. Bb2 Nxe4 14. Bxe4 Qc7
15. Qg4 g6 16. Qh3 f5 17. Bd3 Bf6 18. Bxf6 Rxf6 19. Qh4 Rf7 20. Bc4 Re8 21.
Rfe1 Rfe7 22. Qf6 Bc8 23. Re5 Rf7 24. Qg5 Qe7 25. Qxe7 1-0

[Event "Polfinaly Mistrzostw Polski Juniorow C11"]
[Site "Szklarska Poreba 2015"]
[Date "2015.??.??"]
[Round "1.12"]
[White "Lazniewski, Tadeusz"]
[Black "Czarnomski, Dominik"]
[Result "1/2-1/2"]
[WhiteElo "1167"]
[BlackElo "1323"]
[PlyCount "102"]
[EventDate "2015.??.??"]

1. e4 d5 2. exd5 Nf6 3. d4 Nxd5 4. Nc3 Nc6 5. Bb5 e6 6. Bxc6+ bxc6 7. Nf3 Nxc3
8. bxc3 Ba6 9. Ne5 c5 10. Qf3 f6 11. Qc6+ Ke7 12. Qxa6 Qd6 13. Qxd6+ cxd6 14.
Nf3 Rc8 15. Rb1 cxd4 16. Rb7+ Kd8 17. Nxd4 e5 18. Ne6+ Ke8 19. Nxf8 Rxf8 20.
Rxg7 Rxc3 21. O-O Rxc2 22. Rxa7 Rf7 23. Rxf7 Kxf7 24. Ba3 Ke6 25. Rd1 d5 26. h3
Rxa2 27. Bf8 Ra8 28. Bh6 Rd8 29. f3 f5 30. Re1 e4 31. fxe4 fxe4 32. Bf4 Kf5 33.
Rf1 Ke6 34. Re1 d4 35. Rxe4+ Kf5 36. Bc7 Rd7 37. Rf4+ Kg5 38. Be5 d3 39. Rf1
Rd5 40. Bf4+ Kf5 41. Bd2+ Ke4 42. Rf4+ Ke5 43. Rh4 Rd7 44. Kf2 Kd5 45. Ke3 Kc5
46. Rb4 h5 47. g4 hxg4 48. hxg4 Rd5 49. g5 Rxg5 50. Kxd3 Rd5+ 51. Kc3 Rxd2
1/2-1/2

[Event "Polfinaly Mistrzostw Polski Juniorow C11"]
[Site "Szklarska Poreba 2015"]
[Date "2015.??.??"]
[Round "1.13"]
[White "Kosior, Jan"]
[Black "Zaborowski, Maciej"]
[Result "1-0"]
[WhiteElo "1312"]
[BlackElo "1136"]
[PlyCount "79"]
[EventDate "2015.??.??"]

1. e4 e6 2. d4 d5 3. e5 c5 4. c3 Qb6 5. Nf3 Bd7 6. Be2 Bb5 7. O-O Bxe2 8. Qxe2
cxd4 9. cxd4 Nc6 10. Be3 Nge7 11. Nc3 Nf5 12. Rfd1 Bb4 13. a3 Bxc3 14. bxc3 O-O
15. Bf4 Rac8 16. Ng5 h6 17. Nf3 Na5 18. Rab1 Qc7 19. Qb5 a6 20. Qb6 Qxb6 21.
Rxb6 Rxc3 22. Bd2 Nc4 23. Bxc3 Nxb6 24. Rb1 Rc8 25. Ba5 Nc4 26. Bb4 b6 27. Rc1
Rb8 28. a4 a5 29. Be1 Kf8 30. h3 Ke8 31. g4 Ne7 32. Nd2 Rc8 33. Rb1 Nxd2 34.
Bxd2 Rc6 35. Kf1 Kd7 36. Ke2 Kc7 37. Kd3 Rc4 38. Rc1 Rxc1 39. Bxc1 Kc6 40. Ba3
1-0

[Event "Polfinaly Mistrzostw Polski Juniorow C11"]
[Site "Szklarska Poreba 2015"]
[Date "2015.??.??"]
[Round "1.14"]
[White "Bednarczyk, Mateusz"]
[Black "Lokaj, Bartlomiej"]
[Result "0-1"]
[WhiteElo "1133"]
[BlackElo "1310"]
[PlyCount "62"]
[EventDate "2015.??.??"]

1. e4 e5 2. Nf3 Nf6 3. Nxe5 d6 4. Nf3 Nxe4 5. d4 d5 6. Bd3 Bf5 7. O-O Be7 8.
Re1 O-O 9. c4 Bb4 10. Re2 c6 11. a3 Ba5 12. Bf4 Re8 13. b4 Bc7 14. Bxc7 Qxc7
15. Nbd2 Nd7 16. Qe1 Ndf6 17. Ne5 Nxd2 18. Qxd2 Bxd3 19. Qxd3 dxc4 20. Qxc4 Nd5
21. Rc1 Rad8 22. b5 Rd6 23. Rec2 Nb6 24. Qd3 Rxe5 25. bxc6 bxc6 26. Qg3 Ree6
27. f3 Qd7 28. Rd2 Re3 29. Rc5 Rxd4 30. Rxd4 Qxd4 31. Qb8+ Re8+ 0-1

[Event "Polfinaly Mistrzostw Polski Juniorow C11"]
[Site "Szklarska Poreba 2015"]
[Date "2015.??.??"]
[Round "1.15"]
[White "Oborski, Artur"]
[Black "Olsztynski, Jan"]
[Result "1-0"]
[WhiteElo "1300"]
[BlackElo "1114"]
[PlyCount "53"]
[EventDate "2015.??.??"]

1. e4 c5 2. Nc3 Nc6 3. Nf3 g6 4. Bb5 d6 5. O-O Bd7 6. Bxc6 Bxc6 7. d4 cxd4 8.
Nxd4 Bg7 9. Nxc6 bxc6 10. Be3 Nf6 11. Qd2 O-O 12. Bh6 e5 13. Bxg7 Kxg7 14. Rad1
Ne8 15. Kh1 Qd7 16. f4 Rd8 17. fxe5 dxe5 18. Qxd7 Rxd7 19. Rxd7 Nf6 20. Rxa7
Rd8 21. h3 Nh5 22. Kh2 Rd2 23. Rfxf7+ Kh6 24. h4 g5 25. Rxh7+ Kg6 26. Rhc7 gxh4
27. Rxc6+ 1-0

[Event "Polfinaly Mistrzostw Polski Juniorow C11"]
[Site "Szklarska Poreba 2015"]
[Date "2015.11.09"]
[Round "2.1"]
[White "Kujawa, Krzysztof"]
[Black "Mechlinski, Jakub"]
[Result "1/2-1/2"]
[WhiteElo "1333"]
[BlackElo "1818"]
[PlyCount "149"]
[EventDate "2015.??.??"]
[WhiteClock "0:02:28"]
[BlackClock "0:44:09"]

1. e4 c5 2. Nf3 e6 3. d4 cxd4 4. Nxd4 a6 5. Nc3 b5 6. Bd3 Bb7 7. O-O Qc7 8. Kh1
Nf6 9. f3 Be7 10. a3 O-O 11. Nce2 d6 12. Ng3 Nbd7 13. f4 Nc5 14. Be3 Ncxe4 15.
Nxe4 Bxe4 16. Bxe4 Nxe4 17. Qd3 Nf6 18. Rac1 Rac8 19. b3 Qb7 20. c4 bxc4 21.
bxc4 d5 22. c5 Bxc5 23. Rxc5 Rxc5 24. Nxe6 fxe6 25. Bxc5 Rc8 26. Bd4 Ne4 27.
Qh3 Qe7 28. f5 Rf8 29. g3 e5 30. Bb2 Rf6 31. Bc1 Qc5 32. Qg2 Qf8 33. g4 Rc6 34.
Bb2 Qe7 35. Rf3 Qc7 36. Re3 Qb6 37. Re2 Qb3 38. Qf1 Qb8 39. Qd1 Rc5 40. Qa4 Rb5
41. Rc2 Nc5 42. Rxc5 Rxc5 43. Qxa6 d4 44. Qe6+ Kh8 45. f6 Qg8 46. Qe7 Rc8 47.
Qxe5 gxf6 48. Qxd4 Qg5 49. Qxf6+ Qxf6 50. Bxf6+ Kg8 51. Be7 Kf7 52. Bb4 Rc2 53.
h3 Kg6 54. a4 Rc4 55. Bd6 Rxa4 56. Kg2 Rd4 57. Bg3 Kg5 58. Kf3 Rd3+ 59. Kf2 Kf6
60. h4 Ke6 61. Kg2 Kd5 62. Kf2 Ke4 63. Bc7 Rc3 64. Bd6 Rh3 65. h5 Kd5 66. Bb8
Ke6 67. Kg2 Rb3 68. Bf4 Kf6 69. Kf2 Rd3 70. Kg2 Ke6 71. Kf2 Kd5 72. Kg2 Ke4 73.
Bc7 Rd7 74. Bb8 h6 75. Kg3 1/2-1/2

[Event "Polfinaly Mistrzostw Polski Juniorow C11"]
[Site "Szklarska Poreba 2015"]
[Date "2015.11.09"]
[Round "2.2"]
[White "Kosior, Jan"]
[Black "Wolaniecki, Patryk"]
[Result "0-1"]
[WhiteElo "1312"]
[BlackElo "1490"]
[PlyCount "128"]
[EventDate "2015.??.??"]
[WhiteClock "1:06:41"]
[BlackClock "0:31:18"]

1. d4 Nf6 2. c4 e6 3. Nc3 Bb4 4. a3 Bxc3+ 5. bxc3 c5 6. Nf3 Nc6 7. Bf4 Ne4 8.
Qd3 f5 9. d5 Ne7 10. dxe6 dxe6 11. Qxd8+ Kxd8 12. Be5 Nf6 13. Rd1+ Ke8 14. Bc7
Bd7 15. g3 Rc8 16. Bf4 Ng6 17. Bd6 Ne4 18. Be5 Nxe5 19. Nxe5 Ba4 20. Rd3 Ke7
21. f3 Nf6 22. Bg2 Nd7 23. Nxd7 Bxd7 24. f4 Bc6 25. Bxc6 Rxc6 26. Kf2 Rhc8 27.
Rhd1 R8c7 28. Kf3 Ra6 29. Ra1 Ra4 30. e4 fxe4+ 31. Kxe4 Rxc4+ 32. Ke5 Rd7 33.
Rxd7+ Kxd7 34. Rd1+ Ke7 35. Rd6 Rxc3 36. Rxe6+ Kf7 37. Rd6 Ke7 38. Re6+ Kd7 39.
Rd6+ Kc7 40. Rd5 Re3+ 41. Kf5 b6 42. Re5 Rxe5+ 43. fxe5 Kd7 44. h4 c4 45. Ke4
b5 46. Kd4 Ke6 47. g4 a5 48. h5 h6 49. g5 hxg5 50. h6 gxh6 51. a4 b4 52. Kxc4
Kxe5 53. Kb3 g4 54. Kc4 g3 55. Kb5 b3 56. Kxa5 b2 57. Ka6 b1=Q 58. a5 Qh7 59.
Kb6 g2 60. a6 g1=Q+ 61. Ka5 Qc7+ 62. Ka4 Qgb6 63. Ka3 Qcc5+ 64. Ka2 Qca5# 0-1

[Event "Polfinaly Mistrzostw Polski Juniorow C11"]
[Site "Szklarska Poreba 2015"]
[Date "2015.11.09"]
[Round "2.3"]
[White "Lokaj, Bartlomiej"]
[Black "Trybus, Daniel"]
[Result "0-1"]
[WhiteElo "1310"]
[BlackElo "1448"]
[PlyCount "98"]
[EventDate "2015.??.??"]
[WhiteClock "1:05:45"]
[BlackClock "1:32:49"]

1. f4 d5 2. Nf3 Nf6 3. e3 Nc6 4. Be2 Bf5 5. d3 e6 6. O-O Bc5 7. d4 Bb6 8. Bd3
Bg4 9. h3 Bh5 10. Qe1 Qd7 11. c3 Bg6 12. Bxg6 hxg6 13. Nbd2 Ne4 14. Nxe4 dxe4
15. Ne5 Nxe5 16. fxe5 O-O-O 17. Qf2 Rdf8 18. Qf4 f5 19. exf6 Rxf6 20. Qxe4
Rxf1+ 21. Kxf1 Qb5+ 22. Kg1 Rf8 23. Qxe6+ Kb8 24. Qg4 Qf1+ 25. Kh2 c5 26. e4
cxd4 27. Qg5 dxc3 28. Bf4+ Qxf4+ 29. Qxf4+ Rxf4 30. bxc3 Rxe4 31. Rf1 Bc7+ 32.
Kg1 Bg3 33. c4 Kc7 34. a3 Kc6 35. h4 Kc5 36. Kh1 Re1 37. Rxe1 Bxe1 38. h5 gxh5
39. g4 hxg4 40. a4 Kxc4 41. a5 Bxa5 42. Kg1 b5 43. Kh1 b4 44. Kg1 b3 45. Kh1 b2
46. Kg1 b1=Q+ 47. Kg2 Qf5 48. Kh1 Bb6 49. Kh2 Qf2+ 0-1

[Event "Polfinaly Mistrzostw Polski Juniorow C11"]
[Site "Szklarska Poreba 2015"]
[Date "2015.??.??"]
[Round "2.6"]
[White "Dolharz, Jakub"]
[Black "Horoszczak, Adam"]
[Result "1-0"]
[WhiteElo "1382"]
[BlackElo "1261"]
[PlyCount "83"]
[EventDate "2015.??.??"]

1. e4 c5 2. Nc3 e6 3. Nge2 a6 4. a4 Nc6 5. g3 Nf6 6. Bg2 Be7 7. O-O O-O 8. d3
b6 9. f4 d5 10. e5 Nd7 11. Bd2 Bb7 12. g4 Rc8 13. Ng3 Qc7 14. g5 Na7 15. h4 d4
16. Bxb7 Qxb7 17. Nce4 Qc7 18. b3 Nc6 19. Qg4 Nb4 20. Rac1 Na2 21. Rb1 Nb4 22.
Rb2 b5 23. axb5 axb5 24. Rf2 Ra8 25. Bxb4 cxb4 26. h5 g6 27. hxg6 fxg6 28.
Qxe6+ Rf7 29. Qd5 Nc5 30. Qxa8+ Rf8 31. Qd5+ Kg7 32. Nxc5 Bxc5 33. Qe4 Bb6 34.
Rb1 Ba7 35. Rbf1 Bb8 36. e6 Qe7 37. Kg2 Kg8 38. Qd5 Re8 39. Re1 Rf8 40. Qd7 Qe8
41. Qxe8 Rxe8 42. Ne4 1-0

[Event "Polfinaly Mistrzostw Polski Juniorow C11"]
[Site "Szklarska Poreba 2015"]
[Date "2015.??.??"]
[Round "2.8"]
[White "Celebias, Filip"]
[Black "Stypka, Sebastian"]
[Result "1-0"]
[WhiteElo "1350"]
[BlackElo "1254"]
[PlyCount "91"]
[EventDate "2015.??.??"]

1. e4 e5 2. Nf3 Nc6 3. Bb5 a6 4. Ba4 Nf6 5. O-O b5 6. Bb3 Bc5 7. c3 d6 8. Re1
O-O 9. h3 Re8 10. Ng5 Be6 11. Nxe6 fxe6 12. d3 h6 13. Nd2 d5 14. exd5 exd5 15.
Nf1 Qd6 16. Be3 Bb6 17. Bxb6 cxb6 18. Ng3 Qe6 19. Qf3 Kh8 20. Rad1 Rad8 21. Qe3
Qd7 22. Qxb6 d4 23. Qxa6 b4 24. Ba4 Re6 25. cxb4 Qe8 26. Qc4 Nd5 27. a3 Qg6 28.
Bb3 Nce7 29. Re4 Rc8 30. Qb5 Rd6 31. Rxe5 Rcd8 32. Bxd5 Nxd5 33. Re4 Nf6 34.
Re7 Rc8 35. Qf5 Qxf5 36. Nxf5 Rdc6 37. Nxd4 Rb6 38. Rd2 Nd5 39. Re5 Nf4 40. Re4
Ng6 41. Rc2 Rf8 42. Re6 Rxe6 43. Nxe6 Re8 44. Re2 Nf4 45. Nxf4 Rxe2 46. Nxe2
1-0

[Event "Polfinaly Mistrzostw Polski Juniorow C11"]
[Site "Szklarska Poreba 2015"]
[Date "2015.??.??"]
[Round "2.9"]
[White "Czarnomski, Dominik"]
[Black "Bartosik, Franciszek"]
[Result "1-0"]
[WhiteElo "1323"]
[BlackElo "1183"]
[PlyCount "37"]
[EventDate "2015.??.??"]

1. d4 d5 2. c4 e6 3. Nc3 Nf6 4. Nf3 b6 5. Bg5 Be7 6. e3 Bb7 7. Bd3 Nbd7 8. Rc1
c5 9. O-O Qc7 10. Bf4 Bd6 11. Nb5 Qb8 12. Nxd6+ Kf8 13. Nxf7 Qc8 14. Nxh8 Kg8
15. dxc5 dxc4 16. Bxc4 Nxc5 17. Nf7 Kxf7 18. Ne5+ Kg8 19. Bxe6+ 1-0

[Event "Polfinaly Mistrzostw Polski Juniorow C11"]
[Site "Szklarska Poreba 2015"]
[Date "2015.??.??"]
[Round "2.10"]
[White "Norek, Bartosz"]
[Black "Lazniewski, Tadeusz"]
[Result "1-0"]
[WhiteElo "1542"]
[BlackElo "1167"]
[PlyCount "61"]
[EventDate "2015.??.??"]

1. e4 e5 2. Nf3 Nc6 3. Bb5 g6 4. O-O Bg7 5. c3 a6 6. Ba4 d6 7. d4 Bd7 8. Bg5 f6
9. Be3 Nge7 10. dxe5 fxe5 11. Ng5 h6 12. Nf3 b5 13. Bc2 O-O 14. Qc1 Kh7 15.
Nbd2 Be6 16. Rd1 Qc8 17. h3 Ng8 18. Nf1 Bxh3 19. N1d2 Be6 20. Kh2 Bg4 21. Rh1
Bxf3 22. Nxf3 h5 23. Ng5+ Kh8 24. Bb3 Nce7 25. Kg1 Nf6 26. Ne6 Nxe4 27. Qd1 Rf6
28. Rxh5+ gxh5 29. Qxh5+ Kg8 30. Ng5+ Kf8 31. Nh7# 1-0

[Event "Polfinaly Mistrzostw Polski Juniorow C11"]
[Site "Szklarska Poreba 2015"]
[Date "2015.??.??"]
[Round "2.11"]
[White "Zabron, Maksym"]
[Black "Wieczorek, Karol"]
[Result "0-1"]
[WhiteElo "1468"]
[BlackElo "1193"]
[PlyCount "96"]
[EventDate "2015.??.??"]

1. d4 Nf6 2. c4 c5 3. d5 e5 4. Nc3 d6 5. e4 Be7 6. Be2 O-O 7. Nf3 Nbd7 8. O-O
Ne8 9. a3 g6 10. Bh6 Ng7 11. b4 b6 12. Rb1 Nf6 13. Nd2 Kh8 14. f4 exf4 15. Bxf4
Nfh5 16. Bh6 Bg5 17. Bxg7+ Nxg7 18. Kh1 f5 19. bxc5 bxc5 20. Qa4 Bxd2 21. Rf3
Bxc3 22. Rxc3 Bd7 23. Qa6 Rb8 24. Rcb3 Rxb3 25. Rxb3 Qc7 26. Qb7 Qxb7 27. Rxb7
Bc8 28. Rxa7 fxe4 29. Kg1 Nf5 30. Bd1 e3 31. a4 Re8 32. Kf1 Nd4 33. a5 e2+ 34.
Bxe2 Nxe2 35. Ra8 Rf8+ 36. Ke1 Kg8 37. a6 Nc3 38. a7 Bb7 39. Rb8 Ba8 40. Rb6
Ne4 41. Ke2 Re8 42. Kf3 Nd2+ 43. Kg3 Nxc4 44. Rb1 Bxd5 45. Rb8 Rf8 46. Kg4 Ba8
47. Kg5 Na5 48. Kh6 Nc6 0-1

[Event "Polfinaly Mistrzostw Polski Juniorow C11"]
[Site "Szklarska Poreba 2015"]
[Date "2015.??.??"]
[Round "2.12"]
[White "Kossowski, Pawel"]
[Black "Franc, Piotr"]
[Result "1-0"]
[WhiteElo "1275"]
[BlackElo "1187"]
[PlyCount "144"]
[EventDate "2015.??.??"]

1. e4 c5 2. Nf3 d6 3. d4 cxd4 4. Nxd4 Nf6 5. Nc3 a6 6. Be3 e5 7. Nb3 Be6 8. Be2
Be7 9. g4 O-O 10. g5 Ne8 11. h4 b5 12. Qd2 Nd7 13. O-O-O Nb6 14. Nd5 Bxd5 15.
exd5 Rc8 16. Na5 Qc7 17. Nc6 Nxd5 18. Nxe7+ Nxe7 19. Bd3 d5 20. f3 f5 21. Rdg1
e4 22. Be2 f4 23. Bd4 e3 24. Qd3 Nf5 25. Bc3 d4 26. Bb4 Ned6 27. Qb3+ Kh8 28.
h5 Ng3 29. Rh2 a5 30. Bxd6 Nxe2+ 31. Rxe2 Qxd6 32. Kb1 Qb4 33. Qxb4 axb4 34.
Rd1 Rfd8 35. Rd3 Rc4 36. Kc1 Kg8 37. Kd1 Kf7 38. Rg2 Rd6 39. Rg4 Re6 40. Rxf4+
Ke7 41. Re4 Rxe4 42. fxe4 Ke6 43. b3 Rc5 44. h6 Ke5 45. hxg7 Rc8 46. Ke1 Rg8
47. Ke2 Rxg7 48. Rd1 Rxg5 49. Rh1 h5 50. Kd3 Rg2 51. Rxh5+ Ke6 52. Kxd4 e2 53.
Rh1 Rf2 54. Re1 Rh2 55. c4 bxc3 56. Kxc3 Ke5 57. Kd2 Kxe4 58. Rxe2+ Rxe2+ 59.
Kxe2 Kd4 60. Kd2 Kc5 61. a3 Kd4 62. Kc2 Kc5 63. Kc3 Kb6 64. Kb4 Ka6 65. Kc5 Ka5
66. b4+ Ka4 67. Kc6 Kxa3 68. Kxb5 Kb3 69. Kc5 Ka4 70. b5 Ka5 71. b6 Ka6 72. Kc6
Ka5 1-0

[Event "Polfinaly Mistrzostw Polski Juniorow C11"]
[Site "Szklarska Poreba 2015"]
[Date "2015.??.??"]
[Round "2.13"]
[White "Wrona, Florian"]
[Black "Topola, Rafal"]
[Result "1/2-1/2"]
[WhiteElo "1261"]
[BlackElo "1171"]
[PlyCount "90"]
[EventDate "2015.??.??"]

1. e4 c5 2. Nf3 e6 3. Nc3 Nc6 4. Bb5 Qc7 5. Bxc6 Qxc6 6. d3 a6 7. O-O Be7 8. h3
Nf6 9. Bg5 d6 10. Re1 O-O 11. e5 dxe5 12. Nxe5 Qc7 13. Qf3 h6 14. Bxf6 Bxf6 15.
Ng4 Be7 16. Rab1 Rb8 17. Qe3 Bg5 18. Qe5 Qxe5 19. Nxe5 Rd8 20. Nf3 Be7 21. Re2
b5 22. Ne5 Bb7 23. Ng4 Bg5 24. Ne4 Be7 25. Ng3 Bd5 26. Ne3 Bf6 27. Nxd5 exd5
28. b3 Re8 29. Rbe1 Kf8 30. Kf1 Rxe2 31. Rxe2 Re8 32. Nf5 Rxe2 33. Kxe2 Be5 34.
Ne3 d4 35. Ng4 Bd6 36. g3 f5 37. Nh2 Kf7 38. Kf3 Kf6 39. Nf1 g5 40. g4 fxg4+
41. hxg4 Bf4 42. Ke4 Ke6 43. a3 Bc1 44. a4 bxa4 45. bxa4 Bf4 1/2-1/2

[Event "Polfinaly Mistrzostw Polski Juniorow C11"]
[Site "Szklarska Poreba 2015"]
[Date "2015.??.??"]
[Round "2.14"]
[White "Szafranski, Maciej"]
[Black "Zaborowski, Maciej"]
[Result "1/2-1/2"]
[WhiteElo "1242"]
[BlackElo "1136"]
[PlyCount "49"]
[EventDate "2015.??.??"]

1. e4 c5 2. Nf3 d6 3. d4 cxd4 4. Nxd4 Nf6 5. Nc3 e6 6. Bg5 Be7 7. Qf3 Qb6 8.
O-O-O O-O 9. Nb3 h6 10. Bxh6 gxh6 11. g4 e5 12. h3 Nh7 13. Nd5 Bg5+ 14. Kb1 Qd8
15. Ne3 Be6 16. Nf5 Bxf5 17. gxf5 Kh8 18. Bc4 Nc6 19. Rdg1 Qe7 20. Qh5 Nf6 21.
Qf3 Nh7 22. Qh5 Nf6 23. Qf3 Nh7 24. Qh5 Nf6 25. Qf3 1/2-1/2

[Event "Polfinaly Mistrzostw Polski Juniorow C11"]
[Site "Szklarska Poreba 2015"]
[Date "2015.??.??"]
[Round "2.15"]
[White "Olsztynski, Jan"]
[Black "Sypek, Szymon"]
[Result "0-1"]
[WhiteElo "1114"]
[BlackElo "1227"]
[PlyCount "106"]
[EventDate "2015.??.??"]

1. e4 c5 2. Nf3 Nc6 3. d4 cxd4 4. Nxd4 g6 5. Nc3 Bg7 6. Be3 Nf6 7. Bc4 O-O 8.
Bb3 d6 9. Qd2 Ng4 10. Bf4 Nxd4 11. f3 Nxb3 12. axb3 Nf6 13. O-O-O Nh5 14. Bh6
Be6 15. g4 Nf6 16. h4 Qa5 17. Kb1 Rfd8 18. h5 d5 19. Bxg7 Kxg7 20. hxg6 fxg6
21. Qh6+ Kf7 22. e5 Rh8 23. exf6 exf6 24. g5 f5 25. Qh4 a6 26. Qf4 Qd8 27. Rhe1
Re8 28. Qe5 Rc8 29. Na4 Qxg5 30. b4 Qf6 31. Nc5 Qxe5 32. Rxe5 b6 33. Nxe6 Rxe6
34. Rdxd5 Rxe5 35. Rxe5 Rc4 36. b5 a5 37. Rd5 h5 38. Rd7+ Kf6 39. Rb7 Kg5 40.
Rxb6 h4 41. Rb8 h3 42. b6 h2 43. f4+ Rxf4 44. Rh8 Rh4 45. Rxh4 Kxh4 46. Ka2
h1=Q 47. c4 Qc6 48. c5 Qxc5 49. b7 Qb5 50. b4 Qxb4 51. b8=Q Qxb8 52. Ka3 Kg4
53. Ka4 Qb4# 0-1

[Event "Polfinaly Mistrzostw Polski Juniorow C11"]
[Site "Szklarska Poreba 2015"]
[Date "2015.??.??"]
[Round "2.16"]
[White "Rybak, Igor"]
[Black "Bednarczyk, Mateusz"]
[Result "1-0"]
[WhiteElo "1225"]
[BlackElo "1133"]
[PlyCount "80"]
[EventDate "2015.??.??"]

1. e4 c5 2. Nf3 Nc6 3. d4 cxd4 4. Nxd4 Nf6 5. Nc3 d6 6. Be3 e5 7. Nb3 Be7 8.
Be2 O-O 9. O-O a5 10. a3 a4 11. Nd2 Be6 12. Nf3 Ng4 13. Qd2 Nxe3 14. Qxe3 f5
15. Rad1 fxe4 16. Qxe4 Rf4 17. Qe3 g5 18. g3 Rf7 19. Nd5 Rg7 20. c4 g4 21. Nd4
Bxd5 22. Nxc6 Bxc6 23. c5 Bg5 24. Qc3 Be7 25. Rfe1 Qc7 26. cxd6 Bxd6 27. Qc4+
Kf8 28. Bxg4 b5 29. Qe6 Be7 30. Bh5 e4 31. Rc1 Rc8 32. Rxe4 Bg5 33. Rxc6 Qxc6
34. Qxc6 Rgc7 35. Re8+ Rxe8 36. Qxc7 Re7 37. Qc8+ Kg7 38. Qg4 Kh6 39. f4 Bf6
40. Qf5 Bd4+ 1-0

[Event "Polfinaly Mistrzostw Polski Juniorow C11"]
[Site "Szklarska Poreba 2015"]
[Date "2015.11.09"]
[Round "3.1"]
[White "Wolaniecki, Patryk"]
[Black "Bartoszewski-reiski, Olaf"]
[Result "1-0"]
[WhiteElo "1490"]
[BlackElo "1425"]
[PlyCount "101"]
[EventDate "2015.??.??"]
[WhiteClock "0:06:58"]
[BlackClock "0:00:56"]

1. e4 c5 2. Nf3 e6 3. d4 cxd4 4. Nxd4 Nf6 5. Bd3 Nc6 6. Be3 d5 7. exd5 Nxd5 8.
Nxc6 bxc6 9. O-O Be7 10. Nd2 Bf6 11. Nc4 O-O 12. c3 Ba6 13. Qc2 Nxe3 14. fxe3
g6 15. Rad1 Qe7 16. Na5 Bxd3 17. Rxd3 Rac8 18. Qd2 Rfd8 19. Rxd8+ Qxd8 20.
Qxd8+ Bxd8 21. Nc4 Bc7 22. Rd1 Rd8 23. Rxd8+ Bxd8 24. Ne5 c5 25. b4 cxb4 26.
cxb4 Kf8 27. a4 Bc7 28. Nc6 a6 29. Kf2 Ke8 30. h3 Kd7 31. Nd4 e5 32. Nc2 f5 33.
e4 Bb6+ 34. Kf3 f4 35. Kg4 Bd8 36. Na3 h5+ 37. Kf3 Kc6 38. Nc4 Bc7 39. h4 Bb8
40. Ke2 Bc7 41. Kd3 Bb8 42. Nd2 a5 43. Kc4 axb4 44. Kxb4 Bd6+ 45. Kc4 Bc7 46.
Nf3 Bb8 47. a5 Bc7 48. a6 Kb6 49. Kd5 Kxa6 50. Nxe5 Bxe5 51. Kxe5 1-0

[Event "Polfinaly Mistrzostw Polski Juniorow C11"]
[Site "Szklarska Poreba 2015"]
[Date "2015.11.09"]
[Round "3.3"]
[White "Niedbala, Bartlomiej"]
[Black "Kujawa, Krzysztof"]
[Result "1/2-1/2"]
[WhiteElo "1403"]
[BlackElo "1333"]
[PlyCount "82"]
[EventDate "2015.??.??"]
[WhiteClock "1:26:15"]
[BlackClock "0:51:09"]

1. e4 c5 2. c4 Nc6 3. Nc3 Nf6 4. g3 d6 5. Bg2 g6 6. Nge2 Bg7 7. O-O e6 8. d3
O-O 9. f4 Bd7 10. h3 a6 11. g4 h6 12. Ng3 Qc7 13. f5 g5 14. Be3 d5 15. cxd5
Qxg3 16. Bf2 Qd6 17. dxc6 Bxc6 18. Qe2 Nd7 19. Rad1 e5 20. h4 Rfd8 21. Qe3 Bf6
22. Ne2 Be7 23. a3 b5 24. Rc1 Rab8 25. b4 cxb4 26. axb4 gxh4 27. Qh3 Rbc8 28.
Bxh4 Bxh4 29. Qxh4 Qf6 30. Qg3 Bb7 31. Qe3 Qb6 32. Kf2 Qxe3+ 33. Kxe3 Nf6 34.
Bf3 Nh7 35. Bg2 Ng5 36. Ng3 f6 37. Rh1 Kg7 38. Nh5+ Kf7 39. Ng3 Kg7 40. Nh5+
Kf7 41. Ng3 Kg7 1/2-1/2